Normal view
MARC view
Entry Personal Name
001 - CONTROL NUMBER
- control field: 3134
003 - CONTROL NUMBER IDENTIFIER
- control field: ARRUPE
005 - DATE AND TIME OF LATEST TRANSACTION
- control field: 20131104170651.0
008 - FIXED-LENGTH DATA ELEMENTS
- fixed length control field: 131104|| aca||aabn | a|a d
040 ## - CATALOGING SOURCE
- Original cataloging agency: ARRUPE
- Transcribing agency: ARRUPE
100 ## - HEADING--PERSONAL NAME
- Personal name: Robinson, Thomas A.
- Fuller form of name: (Thomas Arthur),
- Dates associated with a name: 1951-
670 ## - SOURCE DATA FOUND
- Source citation: Work cat.: (ARRUPE)0: Robinson, Thomas A. (Thomas Arthur), 1951-, Ignatius of Antioch and the parting of the ways :, 2009.